000 00499nam a22001937a 4500
003 OSt
005 20241104105533.0
008 241104b |||||||| |||| 00| 0 eng d
040 _cMRSPTU
041 _aENG
082 _a571.9
_bTR-F
100 _a TRIPATHI S.K.
245 _aFundamentals of Plant Pathology
260 _aJodhpur
_bScientific Pub.
_c2024
300 _a245
650 _aAgriculture, Biology
700 _a BHALE M.S., YADAV V.K. & ASHISH SRIVASTAVA
942 _2ddc
_cBK
_n0
999 _c10413
_d10413